Madonna, The weeknd - Popular - Statistics

General Stats
  • This quiz has been taken 30 times
  • The average score is 287 of 471
Answer Stats
Answer % Correct
20
100%
mill'
100%
a
95%
I
90%
popular
85%
Popular
85%
she
85%
She
85%
to
85%
be
80%
do
80%
her?
80%
her
80%
you
80%
You
80%
me
75%
on
75%
see
70%
the
70%
Beggin'
65%
beggin'
65%
dream
65%
ever
65%
it
65%
just
65%
knees
65%
want
65%
every
60%
Every
60%
Kill
60%
life
60%
like
60%
soul
60%
that
60%
That's
60%
anyone
55%
But
55%
but
55%
'cause
55%
devil
55%
Down
55%
Flashin'
55%
flashin'
55%
In
55%
in
55%
is
55%
know
55%
lights
55%
of
55%
Sell
55%
what
55%
and
50%
don't
50%
my
50%
then
50%
top
50%
your
50%
all
45%
Everybody
45%
face
45%
I've
45%
needs
45%
Never
45%
never
45%
Put
45%
run
45%
runnin'
45%
scream
45%
acts
40%
by
40%
can
40%
can't
40%
free
40%
from
40%
if
40%
I'm
40%
knew
40%
lie
40%
night
40%
paparazzi
40%
place
40%
seen
40%
she's
40%
surprised
40%
Tell
40%
Try
40%
calls
35%
fame
35%
keep
35%
lives
35%
livin'
35%
mainstream
35%
Money
35%
money
35%
wants
35%
with
35%
back
30%
Even
30%
Give
30%
limelight
30%
own
30%
pray
30%
prays
30%
Spend
30%
take
30%
wanted
30%
whole
30%
without
30%
alright
25%
born
25%
fiends
25%
fight
25%
for
25%
little
25%
sky
25%
sunset
25%
taste
25%
gone
20%
up
20%
veins
20%
followers
15%
time's
15%
broke
10%
webcam
10%
gettin'
5%
keepin'
5%
Turn
5%
debt
0%
Eat
0%
I'ma
0%
kickin'
0%
No matching quizzes found
Score Distribution
Percent of People with Each Score
Percentile by Number Answered
Your Score History
You have not taken this quiz